[Event "FRA-chT Top 16 GpB"]
[Site "Chartres"]
[Date "2023.06.06"]
[Round "6.15"]
[White "Philippe, Guillaume"]
[Black "Ladrat, Mathieu"]
[Result "1-0"]
[WhiteElo "2349"]
[BlackElo "2161"]
[PlyCount "74"]
[EventDate "2023.06.01"]
[EventType "team-tourn"]
[EventRounds "7"]
[EventCountry "FRA"]
[SourceTitle "CBM 214 Extra"]
[Source "ChessBase"]
[SourceDate "2023.07.31"]
[SourceVersion "1"]
[SourceVersionDate "2023.07.31"]
[SourceQuality "1"]
[WhiteTeam "Marseille"]
[BlackTeam "Poitiers Migne"]
[WhiteTeamCountry "FRA"]
[BlackTeamCountry "FRA"]

1. e4 e6 2. Nf3 d5 3. e5 c5 4. b4 d4 5. Bb2 a6 6. Bd3 Nc6 7. bxc5 Bxc5 8. 0-0 Nge7 9. Re1 b5 10. a4 b4 11. Be4 Rb8 12. d3 Qc7 13. Nbd2 Bd7 14. Nb3 Qa7 15. Qd2 Ng6 16. Qg5 0-0 17. Qh5 h6 18. Bc1 Be7 19. Bxh6 gxh6 20. Qxh6 Be8 21. h4 Qc7 22. h5 Ncxe5 23. hxg6 Nxg6 24. Bxg6 fxg6 25. Rxe6 Bf6 26. Rae1 Qg7 27. Qxg7+ Kxg7 28. Rxa6 Bf7 29. Nbxd4 Rfc8 30. Re4 Rb7 31. Rf4 Be7 32. Ne5 Be8 33. Rg4 Rxc2 34. Nxg6 Rc1+ 35. Kh2 Bxg6 36. Rgxg6+ Kf7 37. Nf5 b3 1-0

[Event "Graz op-A"]
[Site "Graz"]
[Date "2016.02.14"]
[Round "3"]
[White "Ladrat, Mathieu"]
[Black "Szotkowski, Jakub"]
[Result "1-0"]
[WhiteElo "2182"]
[BlackElo "2369"]
[PlyCount "87"]
[EventDate "2016.02.12"]
[EventType "swiss"]
[EventRounds "9"]
[EventCountry "AUT"]
[SourceTitle "CBM 170 Extra"]
[Source "ChessBase"]
[SourceDate "2016.02.25"]
[SourceVersion "1"]
[SourceVersionDate "2016.02.25"]
[SourceQuality "1"]

1. d4 Nf6 2. Bg5 d5 3. Bxf6 exf6 4. e3 Be6 5. g3 Be7 6. Bg2 c6 7. Ne2 g5 8. Nd2 Nd7 9. a3 f5 10. b3 Nb6 11. Qc1 h5 12. h4 f4 13. gxf4 g4 14. Ng3 Bxh4 15. c4 f5 16. Qc2 Bxg3 17. fxg3 h4 18. gxh4 Rxh4 19. 0-0-0 Rxh1 20. Rxh1 Qf6 21. c5 Nd7 22. Bf1 0-0-0 23. Bd3 Qg6 24. Nf1 Nf6 25. Ng3 Ne4 26. Bxe4 dxe4 27. Kb2 Bg8 28. Rh5 Rf8 29. Qd1 Qe6 30. d5 cxd5 31. Qd4 Qd7 32. a4 Be6 33. Rh6 Qf7 34. b4 Qd7 35. Ka3 a6 36. b5 axb5 37. axb5 Re8 38. Kb4 Qe7 39. Qa1 Qc7 40. b6 Qc6 41. Rh7 Kd8 42. Rc7 Qxc7 43. bxc7+ Kxc7 44. Qe5+ 1-0

[Event "Graz op-A"]
[Site "Graz"]
[Date "2016.02.14"]
[Round "4"]
[White "Schnider, Gert"]
[Black "Ladrat, Mathieu"]
[Result "0-1"]
[WhiteElo "2364"]
[BlackElo "2182"]
[PlyCount "118"]
[EventDate "2016.02.12"]
[EventType "swiss"]
[EventRounds "9"]
[EventCountry "AUT"]
[SourceTitle "CBM 170 Extra"]
[Source "ChessBase"]
[SourceDate "2016.02.25"]
[SourceVersion "1"]
[SourceVersionDate "2016.02.25"]
[SourceQuality "1"]

1. d4 Nf6 2. c4 c5 3. Nf3 cxd4 4. Nxd4 e5 5. Nb5 d5 6. cxd5 Bc5 7. N5c3 0-0 8. g3 e4 9. Bg2 Re8 10. 0-0 Bf5 11. Na3 Nbd7 12. Nc4 Rc8 13. Be3 Bf8 14. b3 a6 15. a4 Ng4 16. Bd4 Qg5 17. h3 Ngf6 18. Qc1 Qg6 19. Ne3 Nc5 20. Qb1 h5 21. Nxf5 Qxf5 22. Bxf6 Qxf6 23. Nxe4 Nxe4 24. Bxe4 Qe5 25. Bf3 h4 26. Kh2 Rc3 27. Ra2 Bc5 28. e3 hxg3+ 29. fxg3 Bd6 30. Rg2 Rxe3 31. Qc2 g6 32. Qc4 Rc3 33. Qg4 Rxb3 34. Re2 Qxg3+ 35. Qxg3 Rxe2+ 36. Kg1 Bxg3 37. Bxe2 Bd6 38. Rf3 Rxf3 39. Bxf3 Kg7 40. Kf2 Kf6 41. Ke3 Ke5 42. Bg2 b5 43. axb5 axb5 44. Bf1 b4 45. Bc4 f5 46. Ba2 g5 47. Bb3 g4 48. hxg4 fxg4 49. Bd1 g3 50. Bb3 Bb8 51. Bc4 Bc7 52. Ba2 Kf5 53. Kf3 Kg5 54. Bb3 Kh4 55. d6 Bxd6 56. Be6 Bc7 57. Kg2 Kg5 58. Kf3 Kf6 59. Bb3 Bf4 0-1

[Event "Fouesnant op 15th"]
[Site "Fouesnant"]
[Date "2009.10.27"]
[Round "5"]
[White "Marholev, Dimitar"]
[Black "Ladrat, Mathieu"]
[Result "1-0"]
[WhiteElo "2413"]
[BlackElo "2223"]
[PlyCount "39"]
[EventDate "2009.10.26"]
[EventType "swiss"]
[EventRounds "9"]
[EventCountry "FRA"]
[SourceTitle "EXT 2010"]
[Source "ChessBase"]
[SourceDate "2010.11.25"]
[SourceVersion "1"]
[SourceVersionDate "2010.11.25"]
[SourceQuality "1"]

1. e4 e6 2. d4 d5 3. Nd2 Be7 4. Bd3 c5 5. dxc5 Nf6 6. exd5 Qxd5 7. Ngf3 Qxc5 8. 0-0 0-0 9. a3 Rd8 10. Qe2 Nbd7 11. b4 Qc7 12. Nc4 a6 13. Bg5 Nf8 14. Bh4 Nh5 15. Bxe7 Qxe7 16. Nb6 Rb8 17. Qe5 Qd6 18. Nxc8 Qxe5 19. Ne7+ Kh8 20. Nxe5 1-0

[Event "Fouesnant op 15th"]
[Site "Fouesnant"]
[Date "2009.10.25"]
[Round "3"]
[White "Algaba, Solene"]
[Black "Ladrat, Mathieu"]
[Result "1/2-1/2"]
[WhiteElo "1956"]
[BlackElo "2223"]
[PlyCount "67"]
[EventDate "2009.10.26"]
[EventType "swiss"]
[EventRounds "9"]
[EventCountry "FRA"]
[SourceTitle "EXT 2010"]
[Source "ChessBase"]
[SourceDate "2010.11.25"]
[SourceVersion "1"]
[SourceVersionDate "2010.11.25"]
[SourceQuality "1"]

1. e4 e6 2. d4 d5 3. exd5 exd5 4. Bd3 Bd6 5. Nf3 Ne7 6. 0-0 0-0 7. Bg5 c6 8. Re1 Bg4 9. Nbd2 f6 10. Bh4 Nf5 11. h3 Nxh4 12. hxg4 Ng6 13. Bf5 Na6 14. c4 Ne7 15. Be6+ Kh8 16. g5 Nc7 17. gxf6 Rxf6 18. Ng5 Nxe6 19. Rxe6 Qg8 20. Qh5 g6 21. Qh3 Rxe6 22. Nxe6 Nf5 23. cxd5 cxd5 24. Ng5 Re8 25. Ndf3 Re7 26. g4 Ng7 27. Re1 Rxe1+ 28. Nxe1 Ne6 29. Nef3 Bf4 30. Qh4 Bxg5 31. Nxg5 Nxd4 32. Qh2 Nc6 33. Qc7 Nd8 34. Qe5+ 1/2-1/2

[Event "Fouesnant op 15th"]
[Site "Fouesnant"]
[Date "2009.10.25"]
[Round "2"]
[White "Ladrat, Mathieu"]
[Black "Purenne, Benoit"]
[Result "1-0"]
[WhiteElo "2223"]
[BlackElo "1909"]
[PlyCount "71"]
[EventDate "2009.10.26"]
[EventType "swiss"]
[EventRounds "9"]
[EventCountry "FRA"]
[SourceTitle "EXT 2010"]
[Source "ChessBase"]
[SourceDate "2010.11.25"]
[SourceVersion "1"]
[SourceVersionDate "2010.11.25"]
[SourceQuality "1"]

1. d4 d5 2. Nf3 Nf6 3. g3 e6 4. Bg2 Be7 5. 0-0 0-0 6. c4 dxc4 7. Ne5 Nd5 8. Nxc4 c6 9. e4 Nb6 10. Ne3 N8d7 11. Nc3 Nf6 12. a4 a5 13. b3 c5 14. d5 exd5 15. exd5 Ne8 16. Ba3 Nc7 17. Rc1 Re8 18. Qd2 Ne6 19. Ne4 Nd4 20. Qd1 Nd7 21. Nxc5 Nxc5 22. Bxc5 Bxc5 23. Rxc5 Qf6 24. Rc4 Nf5 25. Nxf5 Bxf5 26. Re1 Qb6 27. Rxe8+ Rxe8 28. Rf4 Bg6 29. Bf1 Qc5 30. Bb5 Rd8 31. Bc4 h6 32. Rd4 Qd6 33. Qe1 f6 34. Qxa5 Re8 35. Rd1 Be4 36. Re1 1-0

[Event "FRA-chT2"]
[Site "France"]
[Date "2002.03.??"]
[Round "10.6"]
[White "Ladrat, Mathieu"]
[Black "Riazuelo, Gilles"]
[Result "1-0"]
[WhiteElo "2064"]
[BlackElo "2064"]
[PlyCount "79"]
[EventDate "2002.??.??"]
[EventType "team"]
[EventRounds "11"]
[EventCountry "FRA"]
[SourceTitle "EXT 2003"]
[Source "ChessBase"]
[SourceDate "2002.11.25"]
[SourceVersion "1"]
[SourceVersionDate "2002.11.25"]
[SourceQuality "1"]

1. d4 Nf6 2. c4 g6 3. Nf3 Bg7 4. g3 0-0 5. Bg2 d6 6. 0-0 c5 7. Nc3 Nc6 8. d5 Na5 9. Nd2 a6 10. Rb1 Rb8 11. b3 b5 12. Bb2 bxc4 13. bxc4 Bh6 14. f4 Ng4 15. Rf3 Bg7 16. Na4 e5 17. h3 Nh6 18. fxe5 dxe5 19. e4 f5 20. Qc2 Qc7 21. Ba3 Rxb1+ 22. Qxb1 fxe4 23. Rxf8+ Bxf8 24. Qxe4 Nf5 25. g4 Nd4 26. Bf1 Bd7 27. Nb2 Bh6 28. Nf3 Be8 29. Kg2 Nxf3 30. Qxf3 Bc1 31. Qc3 Bh6 32. Nd3 Nb7 33. Qxe5 Qf7 34. Nxc5 Bg7 35. Qe6 Bf8 36. Qxf7+ Bxf7 37. Nxb7 Bxa3 38. Kf3 Be8 39. c5 Kf7 40. Bxa6 1-0

[Event "FRA-chT U20"]
[Site "Pau"]
[Date "2000.??.??"]
[Round "9"]
[White "Lamorelle, Julien"]
[Black "Ladrat, Mathieu"]
[Result "1-0"]
[WhiteElo "2192"]
[BlackElo "2044"]
[PlyCount "41"]
[EventDate "2000.??.??"]
[EventType "team-swiss"]
[EventCountry "FRA"]
[SourceTitle "EXT 2001"]
[Source "ChessBase"]
[SourceDate "2000.11.22"]
[SourceVersion "1"]
[SourceVersionDate "2000.11.22"]
[SourceQuality "1"]

1. e4 Nc6 2. Nf3 e5 3. Bc4 Bc5 4. c3 Nf6 5. d3 d6 6. 0-0 0-0 7. Nbd2 a6 8. Bb3 h6 9. Re1 Re8 10. Nc4 Bg4 11. h3 Bh5 12. Ne3 Qd7 13. g4 Bxe3 14. Rxe3 Nxg4 15. hxg4 Qxg4+ 16. Kf1 Re6 17. Bxe6 fxe6 18. Qe2 Qh3+ 19. Ke1 Rf8 20. Ng1 Qh4 21. Qf1 1-0